skbl

Dr Suryya Kumar Bhuyan Library Web-OPAC
ডঃ সূৰ্য্য
কুমাৰ ভূঞা পুথিভঁৰাল ৱেব-অ'পেক

All Research Scholars are advised to clear the annual library fees to continue using Library Resources, Remote Access, Plagiarism Test and Library Clearance.

Cotton University Book Fair 2026

Economic Planning / (Record no. 6861)

MARC details
000 -LEADER
fixed length control field 00816nam a2200313Ia 4500
001 - CONTROL NUMBER
control field 6874
005 - DATE AND TIME OF LATEST TRANSACTION
control field 20240113233945.0
007 - PHYSICAL DESCRIPTION FIXED FIELD--GENERAL INFORMATION
fixed length control field ta
008 - FIXED-LENGTH DATA ELEMENTS--GENERAL INFORMATION
fixed length control field 170602s1981 ii a g b000 u 465 u
040 ## - CATALOGING SOURCE
Original cataloging agency Cotton College,Assam
041 ## - LANGUAGE CODE
Language code of text/sound track or separate title eng
082 ## - DEWEY DECIMAL CLASSIFICATION NUMBER
Classification number 338
Item number Ag 11 Ec
100 ## - MAIN ENTRY--PERSONAL NAME
Personal name Agrawal, A.N. .
245 #0 - TITLE STATEMENT
Title Economic Planning /
Statement of responsibility, etc. A.N. Agrawal & Kundan Lal.
Medium Textual Documents
250 ## - EDITION STATEMENT
Edition statement 2nd ed. /
260 ## - PUBLICATION, DISTRIBUTION, ETC.
Place of publication, distribution, etc. New Delhi :
Name of publisher, distributor, etc. Vikas Publishing House Pvt. Ltd. ,
Date of publication, distribution, etc. 1981.
300 ## - PHYSICAL DESCRIPTION
Extent xiii, 492p. :
Other physical details ill. ;
Dimensions 22cm .
504 ## - BIBLIOGRAPHY, ETC. NOTE
Bibliography, etc. note Index
653 ## - INDEX TERM--UNCONTROLLED
Uncontrolled term Economics
653 ## - INDEX TERM--UNCONTROLLED
Uncontrolled term Planning
653 ## - INDEX TERM--UNCONTROLLED
Uncontrolled term Economic Planning
653 ## - INDEX TERM--UNCONTROLLED
Uncontrolled term PG-Economics
653 ## - INDEX TERM--UNCONTROLLED
Uncontrolled term T/G-Economics
700 ## - ADDED ENTRY--PERSONAL NAME
Personal name Lal, Kundan .
942 ## - ADDED ENTRY ELEMENTS (KOHA)
Source of classification or shelving scheme Dewey Decimal Classification
Koha item type Books
Holdings
Withdrawn status Lost status Damaged status Not for loan Home library Current library Date acquired Coded location qualifier Total checkouts Full call number Barcode Date last seen Copy number Price effective from Koha item type
        Dr. Suryya Kumar Bhuyan Library Dr. Suryya Kumar Bhuyan Library 01/02/2012 00000   338 Ag 11 Ec 84946 13/01/2024 1 01/02/2012 Books
        Dr. Suryya Kumar Bhuyan Library Dr. Suryya Kumar Bhuyan Library 01/02/2012 00000   338 Ag 11 Ec 4037/New 13/01/2024 2 01/02/2012 Books

Designed and Maintained by Team SKBL
©1901-2026

Powered by Koha